| 000 | 00529nam a2200181 a 4500 | ||
|---|---|---|---|
| 005 | 20210223120413.0 | ||
| 008 | 991125s1990 ag 000 0 spa u | ||
| 020 | _a9504316018 | ||
| 035 | _aUPN01000000319 | ||
| 049 | _aCG | ||
| 050 | 4 |
_aHV40 _bA3.3 |
|
| 100 | 1 |
_aAguilar Idáñez, María José _928676 |
|
| 245 | 1 | 3 |
_aLa acción social a nivel municipal / _cMaría José Aguilar. |
| 260 |
_aBuenos Aires : _bHvmanitas : _bICSA, _c1990. |
||
| 300 |
_a225 p. : _bil. |
||
| 650 | 4 |
_aSERVICIO SOCIAL - _zARGENTINA _97230 |
|
| 905 | _aLibro | ||
| 999 |
_c319 _d319 |
||